| 000 | 00446nam a2200181 a 4500 | ||
|---|---|---|---|
| 001 | 11017 | ||
| 003 | CO-ViMGA | ||
| 008 | 141112s2004 ck r 000 u spa d | ||
| 020 | _a8420606502 | ||
| 040 |
_aCO-ViMGA _bspa _cCO-ViMGA |
||
| 082 | 0 | 4 | _a823.7 B32v |
| 100 | 1 |
_aBeckford, William _915200 |
|
| 245 | 1 | 0 | _aVathek |
| 260 |
_aMadrid, _cAlianza editorial, _c1993 |
||
| 300 | _a384 p. | ||
| 650 | 1 | 4 |
_aCUENTOS INGLESES _915201 |
| 942 |
_2ddc _cBK |
||
| 999 |
_c22233 _d22233 |
||